Normal view
MARC view
- التقارير المالية- بورصات عمان-الاردن
Entry Topical Term
001 - CONTROL NUMBER
- control field: 61213
003 - CONTROL NUMBER IDENTIFIER
- control field: JO-AjAnu
005 - DATE AND TIME OF LATEST TRANSACTION
- control field: 20230606084013.0
008 - FIXED-LENGTH DATA ELEMENTS
- fixed length control field: 230606|| aca||aabn | a|a d
040 ## - CATALOGING SOURCE
- Original cataloging agency: JO-AjAnu
- Transcribing agency: JO-AjAnu
150 ## - HEADING--TOPICAL TERM
- Topical term or geographic name entry element: التقارير المالية- بورصات عمان-الاردن
670 ## - SOURCE DATA FOUND
- Source citation: Work cat.: (JO-AjAnu)31221: اعداد نوافلة، وليد سليمان احمد؛ اشراف مهند محمد العبيني, author 61212, دور افصاحات التقارير المالية المرحلية على اتخاذ القرارات الاستثمارية في بورصة عمان(دراسة ميدانية) = The Role of Financial Reporting Disclosures in Making Investment Decisions on the Amman Stock Exchange (Field study